1684 1421 1053 1130 1309 1747 1086 1950 1167 1471 1009 1753 1477 1427 1753 1124 1782 1525 1370 1499 1012 1460 1990 1640 1992 1154 1513 1346 1161 1057 1737 1351 1728 1354 1531 1779 1098 1643 1648 1245 1393 1640 1307 1897 1760 1382 1136 1015 1610 1964 1223 1685 1980 1409 1610 1266 1053 1909 1893 1830 1760 1149 1946 1760 1535 1696 1465 1079 1708 1070 1142 1321 1242 1557 1035 1787 1599 1690 1100 1099 1173 1393 1175 1082 1961 1202 1489 1298 1753 1866 1242 1582 1587 1385 1723 1323 1280 1535 1189 BCNSPRNW ULIB Ver.6.0+V

เปลี่ยนเป็นภาษาไทย

Change to English
 แสดงรายละเอียดบรรณานุกรม
  กลับหน้าหลัก

Brief Record : Get Marc (ISO 2709) : E-mail record : QR code < ปิดหน้าต่าง
LEADER : 00000nam 2200000uu 4500
001    13399127739
003     ULIB
008    210513s2556||||th 000 0 tha d
020    ู^a9786162995569
050    ^aนว^bช799จ^cล.9
100    ^aโชอู
245    ^aจอมกระบี่เทพสังหาร เล่ม 9
250    ^aพิมพ์ครั้งที่ 1
260    ^aกรุงเทพฯ :^bสยามอินเตอร์บุ๊คส์,^c2556
300    ^a223 หน้า;^b21 ซม.
650    ^aนวนิยาย
945    ^p220^l0^i008050
999    ^aประนอม เกษจรัล
รายการนี้ยังไม่มีแท็ก
คุณยังไม่ได้ล็อกอิน คุณสามารถมีกิจกรรมร่วมกับเว็บไซต์ได้ แต่ต้องล็อกอินก่อน ::
  ล็อกอิน

รายการสื่อสารสนเทศ

ลำดับที่ ประเภท เลขเรียก/บาร์โค้ด สถานที่ สถานะ
1. นวนิยาย
นวนิยาย
นว ช799จ ล.9 ฉ.1 
  Barcode: 008050
ห้องสมุดวิทยาเขตสวรรค์ประชารักษ์
►หนังสือทั่วไป
บนชั้น

รายการใกล้เคียง
    ผู้แต่ง [โชอู]

    หัวเรื่อง [นวนิยาย]

BibComment


ยังไม่เคยถูกคอมเมนท์

คอมเมนท์ทรัพยากรรายการนี้
  คอมเมนท์: จอมกระบี่เทพสังห..


 Copyright 2026. Bcnsprnw @Library